| 000 | 00605nam a22001937a 4500 | ||
|---|---|---|---|
| 003 | DO-SdBNP | ||
| 005 | 20210906100846.0 | ||
| 007 | ta | ||
| 008 | 210906b2018 dr a|||| |||| 00| 0 spa d | ||
| 020 | _a9789945902495 | ||
| 040 |
_aDO-SdBNP _bspa _cBNPHU |
||
| 100 | 1 |
_aSolís, Rocelio, _d1965- _979748 |
|
| 245 | 1 | 0 |
_aDanza de la memoria : _bpoesía / _cRocelio Solís. |
| 260 |
_aSanto Domingo : _bPoetas de la Era, _c2018. |
||
| 300 |
_a54 p. : _bil. ; _c23 cm. |
||
| 500 | _aIncluye datos biográficos del autor en la solapa de la cubierta. | ||
| 590 | _aInventariado, 2021 /LP | ||
| 942 |
_2ddc _cLBS1 |
||
| 999 |
_c50416 _d50416 |
||